Loading...
| Thought - Philosophy | 1 | 1 | 0 | 0 | 25 | 69 | 74.00 | 1 | 2 |
| Other - Other Academic | 1 | 1 | 0 | 1 | 25 | 48 | 63.50 | 1 | 2 |
| Beliefs - Mythology | 0 | 2 | 0 | 0 | 20 | 88 | 91.50 | 1 | 2 |
| Literature - American Lit | 0 | 2 | 1 | 0 | 15 | 114 | 123.50 | 1 | 2 |
| Literature - World Lit | 0 | 1 | 0 | 0 | 10 | 118 | 118.00 | 0 | 1 |
| Other - Geo/CE | 0 | 1 | 0 | 1 | 10 | 126 | 126.00 | 0 | 1 |
| Thought - Social Science | 0 | 1 | 0 | 0 | 10 | 122 | 122.00 | 0 | 1 |
| Beliefs - Religion | 0 | 1 | 0 | 0 | 10 | 121 | 121.00 | 0 | 1 |
| History - World History | 0 | 1 | 0 | 0 | 10 | 84 | 84.00 | 0 | 1 |
| Literature - British Lit | 0 | 1 | 0 | 1 | 10 | 158 | 158.00 | 0 | 1 |
| Science - Other Science | 0 | 1 | 0 | 0 | 10 | 75 | 75.00 | 0 | 1 |
| History - American History | 0 | 1 | 1 | 0 | 5 | 93 | 93.00 | 0 | 1 |
| Arts - Other Arts | 0 | 0 | 1 | 0 | -5 | 0.00 | 0 | 0 | |
| History - Other History | 0 | 0 | 1 | 0 | -5 | 0.00 | 0 | 0 |